LDR 00689naa#a2200181#i#450# 001 EN\\bibl\117816 005 20260604220654.4 011 ## _a2500-4026 100 ## _a20240627b2024####ek#y0engy0150####ca 101 0# _aRUS 102 ## _aRU 200 1# _aTHE USE OF AN AUTOMATIC FIRE EXTINGUISHING SYSTEM WITH THINLY SPRAYED WATER FOR EXTINGUISHING LIVE ELECTRICAL EQUIPMENT _eJournal article 210 1# _aZheleznogorsk _cFSBEE HE Siberian Fire and Rescue Academy EMERCOM of Russia _d2024 215 ## _a8 с. 608 ## _aJournal article _2local 675 ## _aПожарная охрана. Опасность пожара. Пожары. 614.84 _zRUS 700 #1 _aSolonenko _gA M 856 4# _aapbt-sibpsa.editorum.ru _u